Steve Buscemi Movies - Sudden Death - Statistics

General Stats
  • This quiz has been taken 56 times
    21 since last reset
  • The average score is 5 of 18
Answers on the Grid
Answers color-coded by a green-red scale on the quiz's grid according to % correct below.
Reservoir Dogs
Toy Story
Fargo
Inglourious Basterds
Hotel Transylvania
Escape from L.A.
No Country for Old Men
Con Air
Home on the Range
The Emperor's New Groove
Monsters, Inc.
Big Daddy
Little Nicky
Ghost World
Forrest Gump
Happy Gilmore
The Big Lebowski
Grown Ups
The Boss Baby
Total Recall
Spy Kids 2: The Island of Lost Dreams
V for Vendetta
Armageddon
Ocean's Eleven
How to Train Your Dragon
Transformers One
The Death of Stalin
Django Unchained
Final Fantasy: The Spirits Within
Living in Oblivion
Master of Disguise
Juno
 
Answer Stats
Answer % Correct
Reservoir Dogs
86%
Fargo
57%
Hotel Transylvania
57%
Big Daddy
43%
Con Air
43%
Escape from L.A.
43%
Armageddon
29%
Grown Ups
29%
The Big Lebowski
29%
Final Fantasy: The Spirits Within
14%
Home on the Range
14%
Monsters, Inc.
14%
Spy Kids 2: The Island of Lost Dreams
14%
The Boss Baby
14%
The Death of Stalin
14%
Transformers One
14%
Ghost World
0%
Living in Oblivion
0%
No matching quizzes found
Score Distribution
Percent of People with Each Score
Percentile by Number Answered
Your Score History
You have not taken this quiz since the last reset